01132 a2200157 4500003000500000005001700005040000900022082000800031100002300039245007500062260005400137300003900191505068100230538003300911650003000944Nust20170207153339.0 cNust a537 aName: Hirst, A. W. aElectricity and magnetism for engineering studentsc by A.W. Hirst ... aLondon, Glasgowb, Blackie & son limited,c 1936. axv, 388 p. illus.,bdiagrs. 23 cm. aUnits and Mechanical Principles (Page-1) Electricity and Matter (Page-16) Electricity and Energy (Page-23) Effects of an Electric Current and Their Applications (Page-28) Magnetism (Page-37) The Electric Circuit (Page-75) Resistance and the Heating Effect Thermo-Electricity (Page-110) Electrolysis- Primary and Secondary Cells (Page-138) Electromagnetism (Page-157) Electromagnetic Induction (Page-192) Measuring Instruments (Page-222) The Magnetization of Iron and Steel (Page-243) The Magnetic Circuit (Page-298) Alternating Current Circuits (Page-281) Principle of Electrical Machines (Page-334) Principles of Electrostatics (Page-384) Elements of Thermionics (Page-431)  aAlmirah No.17 and Shelf No.1 aElectricity and magnetism